000 00719nam a22002417a 4500
001 19
003 FISKH
005 20251212154438.0
008 230106b |||||||| |||| 00| 0 eng d
020 _a9789996389351
040 _aFISKH
_bEng
_cFISKH
_dFISKH
050 _aPZ1-90
082 _a495.95
100 _aAnonymous
_eauthor
245 _aរឿង ជ្រូកស៊ូនឺងខ្លា /
246 _aPig against tigers
260 _aPhnom Penh :
_bOnce Upon A Time,
_c2015.
300 _a12 pages :
_bcolor illustrations ;
_c21 cm.
490 _aនិទានអប់រំសម្រាប់កុមារ
521 _a390
_blexile estimate
521 _aD
_bRaz-Paz
942 _2lcc
_cKHB
_n0
999 _c19
_d19